000 01366nam a2200301 c 4500
003 BLK
005 20180422112402.0
008 180409b bul|||||r ||||||| ||bul||
010 _aKNG00148263000
040 _aBLK
041 _aBUL
_cBUL
080 _aСпортни състезания. Рекорди
_b796.09
_x-053.8(07)
_z796.09-053.8(07)
100 1 _aБояджиев, Еню Стефанов
_eпърви автор
_9379580
139 _aБояджиев, Еню Стефанов
_bБ 73
245 1 0 _aЗдраве и Дълголетие
_bМетод. ръководство за покриване на нормат. изисквания от НФК Нац. физкулт. комплекс Родина
_cЕню Стефанов Бояджиев.
257 _aBGR
260 София
_bМедицина и физкултура
_c1984
300 _a87 с.
_bс табл.
_c20 см
380 _a79
490 1 _aНационален физкултурен комплекс "Родина"
650 4 _aФизическа култура и спорт - за възрастни
_9327551
653 _aспорт
852 _aЦб 128271
856 4 _qpdf
_u
856 4 _qpdf
_u
942 _cKNG
_n0
944 _aCR
_c02.08.2013
_l02.08.2013 - от С1,Р / 02.08.2013
_kНаталия_Любомирова
944 _aED
_c02.08.2013
_l02.08.2013 - от С1,Р / 02.08.2013
_k
999 _c142177
_d142177